00510nam a2200157 a 450000100100000000500170001000800410002704000250006808200130009310000340010624500700014026000380021030000210024850000530026950400300032200004152720201002035625.0131009s1993 dr 000 0 spa d aDO-SdBNPbspacBNPHU axxxbxxx1 aHernández Quezada, Porfirio10aNociones de derecho del trabajo. /cPorfirio Hernández Quezada. aSanto Domingo :bCorripio,c1993. a162 p. ;c23 cm. aIncluye datos biografícos en la contraportada. aBibliografía p: 161-162